Nanotechnology-(E-BOOK) (Record no. 191572)

000 -LEADER
fixed length control field 01181 a2200289 4500
003 - CONTROL NUMBER IDENTIFIER
control field Nust
005 - DATE AND TIME OF LATEST TRANSACTION
control field 20170207154019.0
010 ## - LIBRARY OF CONGRESS CONTROL NUMBER
LC control number 2002035488
020 ## - INTERNATIONAL STANDARD BOOK NUMBER
International Standard Book Number 0-13-101400-5 (pbk.)
035 ## - SYSTEM CONTROL NUMBER
System control number (DLC) 2002035488
035 ## - SYSTEM CONTROL NUMBER
System control number (Mo)b1528414
040 ## - CATALOGING SOURCE
Transcribing agency Nust
082 00 - DEWEY DECIMAL CLASSIFICATION NUMBER
Classification number 620.5
082 00 - DEWEY DECIMAL CLASSIFICATION NUMBER
Classification number a620/.5
100 1# - MAIN ENTRY--PERSONAL NAME
Personal name Ratner, Mark A.,
245 10 - TITLE STATEMENT
Title Nanotechnology-(E-BOOK)
Remainder of title a gentle introduction to the next big idea /
Statement of responsibility, etc. Mark Ratner, Daniel Ratner
260 ## - PUBLICATION, DISTRIBUTION, ETC.
Place of publication, distribution, etc. Upper Saddle River, NJ :
Name of publisher, distributor, etc. Prentice Hall,
Date of publication, distribution, etc. cop. 2003
300 ## - PHYSICAL DESCRIPTION
Extent 188 s. :
Other physical details ill.
505 ## - FORMATTED CONTENTS NOTE
Formatted contents note Chapter 1. Introducing Nano, Chapter 2. Size Matters, Chapter 3. Interlude One—The Fundamental Science Behind Nanotechnology, Chapter 4. Interlude Two: Tools of the Nanosciences, Chapter 5. Points and Places of Interest: The Grand Tour, Chapter 6. Smart Materials, Chapter 7. Sensors, Chapter 8. Biomedical Applications, Chapter 9. Optics and Electronics, Chapter 10. Nanobusiness, Chapter 11. Nanotechnology and You,
650 #7 - SUBJECT ADDED ENTRY--TOPICAL TERM
Topical term or geographic name entry element Nanotechnology
650 #7 - SUBJECT ADDED ENTRY--TOPICAL TERM
Topical term or geographic name entry element Nanotechnology
650 #7 - SUBJECT ADDED ENTRY--TOPICAL TERM
Topical term or geographic name entry element Nanoteknik
650 #7 - SUBJECT ADDED ENTRY--TOPICAL TERM
Topical term or geographic name entry element Nanoteknik
651 ## - SUBJECT ADDED ENTRY--GEOGRAPHIC NAME
Geographic name E-BOOK
655 #4 - INDEX TERM--GENRE/FORM
Genre/form data or focus term Bok
700 1# - ADDED ENTRY--PERSONAL NAME
Personal name Ratner, Daniel
Relator code aut
942 ## - ADDED ENTRY ELEMENTS (KOHA)
Source of classification or shelving scheme
Koha item type Book
Holdings
Withdrawn status Lost status Source of classification or shelving scheme Damaged status Not for loan Collection code Permanent Location Current Location Date acquired Total Checkouts Full call number Barcode Date last seen Price effective from Koha item type
            Military College of Signals (MCS) Military College of Signals (MCS) 12/12/2016   620.5 KAT MCSEB-754 12/08/2016 12/12/2016 Book
© 2023 Central Library, National University of Sciences and Technology. All Rights Reserved.